LEADER 00934nam0 2200265 450 001 000005406 005 20080718143117.0 010 $a0-13-205840-5 100 $a20040504d1996----km-y0itay50------ba 101 0 $aeng 102 $aUS 200 1 $aIntroductory digital image processing$ea remote sensing perspective$fJohn R. Jensen 205 $a2. ed. 210 $aUpper Saddle River, N.J.$cPrentice-Hall$d1996c. 215 $aXI, 318 p., [16] p. di tav.$cin gran parte ill.$d29 cm 225 2 $aPrentice Hall Series in geographic information science 410 0$12001$aPrentice Hall Series in geographic information science 610 1 $aAerofotografia$aTelefotografia 676 $a621.3678 700 1$aJensen,$bJohn R.$09822 801 0$aIT$bUNIPARTHENOPE$gRICA$2UNIMARC 912 $a000005406 951 $cPIST$aP1 621-I/13$b36673$d20040504 996 $aIntroductory digital image processing$9121477 997 $aUNIPARTHENOPE